| 000 | 00697cam a2200229 a 4500 | ||
|---|---|---|---|
| 001 | 3855333 | ||
| 005 | 20180206080713.0 | ||
| 008 | 880404s1989 ilua b 001 0 eng | ||
| 010 | _a 88012690 | ||
| 020 |
_a0256056692 : _c$42.50 |
||
| 040 |
_aDLC _cDLC _dDLC |
||
| 041 | _aeng | ||
| 080 | _a658.15 ANT | ||
| 082 | 0 | 0 |
_a658.15 ANT _219 |
| 100 | 1 | _a54 | |
| 101 | _aMEN | ||
| 245 | 1 | 0 |
_aManagement control systems / _cRobert N. Anthony, John Dearden, Norton M. Bedford. |
| 504 | _aIncludes bibliographies and indexes. | ||
| 906 |
_a7 _bcbc _corignew _d1 _eocip _f19 _gy-gencatlg |
||
| 942 |
_2ddc _cBK |
||
| 999 |
_c41933 _d41933 |
||